000 00537nam a22001457a 4500
005 20241221095734.0
008 241004b |||||||| |||| 00| 0 eng d
050 _aDPer050 M72 January-March 2018 v. 66 no. 8-10
100 _aPardon, Carlos.
_eauthor.
_962206
245 _aSocial Activities as clincher in school life /
_cCarlos Pardon.
260 _aPhilippines;
_bPublishers Association of the Philippines, Inc.,
_cJanuary 2019.
300 _aVolume 66, pages 291-292.
700 _aPardon, Carlos.
_eauthor.
_962208
942 _2ddc
_cPER
999 _c22188
_d22188